Villes des Aventuriers du Rail - Les Grands Lacs 🇨🇦🇺🇸 - Statistiques

Statistiques générales
  • Ce quiz a été pris 5 fois
  • Le résultat moyen est 10 sur 34
Statistiques - réponses
État/Province Ville % Correct
Illinois Chicago
100%
Michigan Detroit
100%
Ohio Cleveland
60%
Québec Montréal
60%
New York New York
60%
Ontario Ottawa
60%
Ontario Toronto
60%
New York Albany
40%
New York Buffalo
40%
Pennsylvanie Erie
40%
Wisconsin Madison
40%
Wisconsin Milwaukee
40%
Ontario Sault Ste. Marie
40%
New York Syracuse
40%
Ontario Thunder Bay
40%
Ohio Toledo
40%
Michigan Bay City
20%
Iowa Cedar Rapids
20%
Minnesota Duluth
20%
Wisconsin Eau Claire
20%
Wisconsin Green Bay
20%
Michigan Marquette
20%
Michigan Muskegon
20%
Pennsylvanie Scranton
20%
Michigan Traverse City
20%
Ontario Kingston
0%
Ontario Marathon
0%
Ontario Parry Sound
0%
Ontario Port Elgin
0%
Québec Rouyn-Noranda
0%
Ontario South Baymouth
0%
Indiana South Bend
0%
Ontario Timmins
0%
Wisconsin Wasau
0%
Aucun quiz correspondant
Distribution des résultats
% des personnes avec chaque résultat
Percentile par nombre de réponses
Votre historique - résultats
Vous n’avez pas pris ce quiz